Welcome to CU Library Online Public Access Catalogue (OPAC)

THE BOOK OF LEVITICUS (Record no. 6767)

MARC details
000 -LEADER
fixed length control field 00386nam a22001457a 4500
005 - DATE AND TIME OF LATEST TRANSACTION
control field 20250628134828.0
008 - FIXED-LENGTH DATA ELEMENTS--GENERAL INFORMATION
fixed length control field 250628b |||||||| |||| 00| 0 eng d
020 ## - INTERNATIONAL STANDARD BOOK NUMBER
International Standard Book Number 9780802825223
050 ## - LIBRARY OF CONGRESS CALL NUMBER
Classification number BS1253
Item number WEN
100 ## - MAIN ENTRY--PERSONAL NAME
Personal name WENHAM J. GORDON
245 ## - TITLE STATEMENT
Title THE BOOK OF LEVITICUS
260 ## - PUBLICATION, DISTRIBUTION, ETC.
Place of publication, distribution, etc. MICHIGAN
Name of publisher, distributor, etc. W. B. EERDMANS PUBLISHING COMPANY
Date of publication, distribution, etc. c1979
300 ## - PHYSICAL DESCRIPTION
Extent xiii, 362p
942 ## - ADDED ENTRY ELEMENTS (KOHA)
Source of classification or shelving scheme Library of Congress Classification
Koha item type Books
Suppress in OPAC No
999 ## -
-- 6767
-- 6767
Holdings
Withdrawn status Lost status Source of classification or shelving scheme Damaged status Not for loan Collection Home library Current library Shelving location Date acquired Total checkouts Full call number Barcode Date last seen Copy number Price effective from Koha item type
    Library of Congress Classification     Non-fiction Undergraduate Library (Christ Temple) Undergraduate Library (Christ Temple) General stacks 06/28/2025   BS1253 WEN ULCT00003623 06/28/2025 1 06/07/2025 Books
© 2023-2024 Copyright: Central University Libraries. All Rights Reserved | Created by: Mahone Tech Office